| 000 | 00775cad a22002175a 4500 | ||
|---|---|---|---|
| 001 | E152051 | ||
| 008 | 110131e20110121xxkb f s000 0 eng d | ||
| 035 | _a(Sirsi) u152051 | ||
| 041 | 0 | _aeng | |
| 100 | 1 | _aReid, Alasdair | |
| 245 | 0 | 4 |
_aUK Energy Bill _h[electronic resource] |
| 260 |
_aEdinburgh _bScottish Parliament _c2010 |
||
| 490 | 0 |
_aSPICe Briefing _v(11/05) 21 January 2011 |
|
| 520 | _aGives a background to the Bill, and explains how it applies to Scotland. | ||
| 521 | _aAdvanced | ||
| 590 | _aKA | ||
| 651 | 4 |
_aScotland _y1999- |
|
| 690 | _aENVIRONMENTAL AND LAND CONSULTANCY-ENERGY | ||
| 856 | 4 | 0 |
_uhttps://www.scottish.parliament.uk/business/research/briefings-11/SB11-05.pdf _zView the briefing free of charge at www.scottish.parliament.uk |
| 942 | _n0 | ||
| 999 |
_c111817 _d111817 |
||